Normal view
MARC view
- Shabbir, Almas
Entry Personal Name
001 - CONTROL NUMBER
- control field: 97543
003 - CONTROL NUMBER IDENTIFIER
- control field: NUST
005 - DATE AND TIME OF LATEST TRANSACTION
- control field: 20220817094926.0
008 - FIXED-LENGTH DATA ELEMENTS
- fixed length control field: 220817|| aca||aabn | a|a d
040 ## - CATALOGING SOURCE
- Original cataloging agency: NUST
- Transcribing agency: NUST
100 ## - HEADING--PERSONAL NAME
- Personal name: Shabbir, Almas
670 ## - SOURCE DATA FOUND
- Source citation: Work cat.: (NUST): Shabbir, Almas , Pakistan Stock Market Prediction with Sentiment Analysis and Influence of Twitter User /
